15 Categories: Letter 'C' Blitz Quiz Stats

 Plays Quiz Updated Feb 1, 2019

Challenge
Share
Tweet
Embed
Score 0/15 Timer 01:00
8 Plays Today
Hint Answer % Correct
Asian countryCambodia (China)
95%
Big Mac ingredientCheese
83.3%
'Four Corners' stateColorado
78.2%
Playing card suitClubs
78.1%
Element: Chemical symbol CCarbon
73.4%
Spanish for FiveCinco
72%
London Premier League teamChelsea
71.3%
Band: Viva La VidaColdplay
68.3%
Hint Answer % Correct
Santa's reindeerComet (Cupid)
63.1%
Yalta Conference world leaderChurchill
42.7%
Marx BrotherChico
39.7%
Golden Globe comedy (sitcom) winnerCheers (Cybill)
39.3%
Best Picture winner in the 2000sChicago (Crash)
37.7%
Author: Breakfast at Tiffany'sCapote
35.4%
Roman Goddess of Fertility and AgricultureCeres
16.3%

You're not logged in!

Compare scores with friends on all Sporcle quizzes.
OR
Log In

You Might Also Like...

Show Comments

Extras

Top Quizzes Today


Score Distribution

Your Account Isn't Verified!

In order to create a playlist on Sporcle, you need to verify the email address you used during registration. Go to your Sporcle Settings to finish the process.

Report this User

Report this user for behavior that violates our Community Guidelines.

Details: